| 000 | 04030nam a2200301 a 4500 | ||
|---|---|---|---|
| 001 | 000027644 | ||
| 003 | OSt | ||
| 005 | 20220531083956.0 | ||
| 008 | 110404s1984 dr a 000 0 spa d | ||
| 040 |
_aDO-SdBNP _bspa _cBNPHU |
||
| 049 | _a | ||
| 082 |
_a _bR621c |
||
| 100 | 1 |
_aRivera Cedeño, Ernesto _945393 |
|
| 245 | 1 | 4 |
_aLas calles de Higuey : _bHiguey visto a traves de sus calles / _cErnesto Rivera Cedeño ; edición Rafael García Romero ; prólogo Ramón de la Rosa y Carpio. |
| 260 |
_aSanto Domingo : _bMamey, _c1984. |
||
| 300 |
_a145 p. : _bil. ; _c21 cm. |
||
| 500 | _aIncluye datos biográficos del autor en la página 145. | ||
| 505 | _aHigüey -- La Virgen de la Altagracia -- El santuario -- El culto de la Altagracia -- Celebración del 21 de enero -- La hermandad de los Toreros de la Virgen -- Celebración del 15 de agosto -- El pozo de la Virgen -- La cruz del perdón -- Las tres cruces -- La cruz de ceja esperanza -- Diócesis de nuestra Señora de la Altagracia -- Obispos de la diócesis -- Monseñor Juan F. Pepen Soliman -- Monseñor Hugo E. Polanco Brito -- Monseñor Ramón B. de la Rosa y Carpio -- La provincia -- Las calles -- Antonio de Aza -- Baldemaro Rijo -- Avenida Vetilio Alfáu Durán -- Hermanos Trejo -- Avenida Juan XXIII -- Abelardo Pérez -- Adamanai -- Agustín Guerrero -- Alcibíades Vallejo -- Antonio Valdez Hijo -- Monseñor Nouel -- Beler -- Bienvenido Creales -- Cambronal -- Cayacoa -- Cesé Catrina -- Cleto Villavicencio -- Colén Soto -- Colón -- Comandante Marmolejos -- Constitución -- Cotubanama -- Daniel Herrera -- Juan de Esquivel -- Dionisio Arturo Troncoso -- Doctor Celio Estruch -- Canónigo Montás -- Juan Pablo Duarte -- Duvergé -- Eduardo Morel -- Enrique Rijo -- Estéfana Brea -- Eusebio Cedano -- General Eustaquio Ducoudray -- Florencio Soler -- Lic. Humberto Ducoudray -- Francisco Richiez Ducoudray -- Francisco Rijo -- Gaspar Hernández -- Gastón F. Deligne -- General Gregorio Luperón -- General Manuel María Suero -- General Santana -- Hermanos Goico Martínez -- Hicayagua -- Higuanamá -- Huáscar Tejeda Pimentel -- Joaquín Vicioso -- José Audilio Santana -- José Ramón Payán -- Manuel Monteagudo -- Mella -- Mercedes Alfáu Pilier y Celina Pilier -- Gabriel B. Moreno del Christo -- Padre Billini -- Pedro Livio Cedeño -- Policarpia Frías -- Ramón Pumarol -- Remigio Castillo -- Sánchez -- San Santiago -- Santome -- Teodulo Guerrero Montás -- Teófilo Guerrero del Rosario -- Teófilo Altagracia Reyes -- Trifol Siminier -- Ursula Morel -- Víctor de Castro -- Victoriano Pepén -- Calle 27 de Febrero -- Profesora Emma Dora Botello -- Laguna Llana -- Juan Ponce de León -- Julita Peignand -- La Altagracia -- La limonade -- La reinosa -- Las Carreras -- La Trinitaria -- Lic. Félix Servio Ducoudray -- Lic. Lorenzo Sánchez Rijo -- Julio Rolffot -- Manuel Emilio Gómez -- Santiago Pierre Jacques -- Ramón Marrero Aristy -- Canónigo Don Tomás Nuñez -- Francisco Alberto Caamaño Deñó -- Dionisio Mejía -- Dra. Evangelina Rodríguez Perozo -- Ana Tarcila Valdez -- Prof. Mortimer Dalmasi -- Prof. Tulio E. Valdez -- José Timoteo Maduro -- Prof. Srta. Orfelina Alt. Pilier -- Presidente Antonio Guzmán Fernández -- Prof. Srta. América de Soto -- Dr. Tomás Arévalo Cedeño V. -- San Vicente de Paúl -- Mons. Eliseo Pérez Sánchez -- Pbro. Bernardo Montás M. -- 16 de Agosto -- José Loreto Julián -- Don Angel Meriño -- Rafael Comay 2 -- Apéndice. | ||
| 590 | _aInventariado, 2020/VM | ||
| 650 | 7 |
_aCiudades y pueblos _zRepública Dominicana _9784 |
|
| 650 | 7 |
_aHistoria local _z Higuey (República Dominicana) _977000 |
|
| 651 | 0 |
_a Higuey (República Dominicana) _976999 |
|
| 651 | 7 |
_a Higuey (República Dominicana) _x _926822 |
|
| 700 | 1 |
_aGarcía Romero, Rafael, _eed. _917141 |
|
| 700 | 1 |
_aRosa y Carpio, Ramón de la , _prl. _954734 |
|
| 942 |
_2ddc _cLF1 |
||
| 956 | _aVMateo | ||
| 999 |
_c27136 _d27136 |
||